Afterlives of the Garden (Record no. 80942)

MARC details
000 -LEADER
fixed length control field 03764namaa2200445uu 4500
001 - CONTROL NUMBER
control field doab134777
003 - CONTROL NUMBER IDENTIFIER
control field oapen
005 - DATE AND TIME OF LATEST TRANSACTION
control field 20260218110427.0
006 - FIXED-LENGTH DATA ELEMENTS--ADDITIONAL MATERIAL CHARACTERISTICS
fixed length control field m o d
007 - PHYSICAL DESCRIPTION FIXED FIELD--GENERAL INFORMATION
fixed length control field cr|mn|---annan
008 - FIXED-LENGTH DATA ELEMENTS--GENERAL INFORMATION
fixed length control field 240224s2024 xx |||||o ||| 0|eng d
020 ## - INTERNATIONAL STANDARD BOOK NUMBER
International Standard Book Number 9783111021928
020 ## - INTERNATIONAL STANDARD BOOK NUMBER
International Standard Book Number 9783111029733
020 ## - INTERNATIONAL STANDARD BOOK NUMBER
International Standard Book Number 9783111029733
020 ## - INTERNATIONAL STANDARD BOOK NUMBER
International Standard Book Number 9783111029856
024 7# - OTHER STANDARD IDENTIFIER
Standard number or code 10.1515/9783111029733
Source of number or code doi
040 ## - CATALOGING SOURCE
Original cataloging agency oapen
Transcribing agency oapen
Modifying agency
041 0# - LANGUAGE CODE
Language code of text/sound track or separate title eng
042 ## - AUTHENTICATION CODE
Authentication code dc
245 00 - TITLE STATEMENT
Title Afterlives of the Garden
Remainder of title Receptions of Epicurean Thought in the Early Empire and Late Antiquity
260 ## - PUBLICATION, DISTRIBUTION, ETC.
Place of publication, distribution, etc. Berlin/Boston
Name of publisher, distributor, etc. De Gruyter
Date of publication, distribution, etc. 2024
300 ## - PHYSICAL DESCRIPTION
Extent 1 online resource (190 p.)
336 ## - CONTENT TYPE
Content type term text
Content type code txt
Source rdacontent
337 ## - MEDIA TYPE
Media type term computer
Media type code c
Source rdamedia
338 ## - CARRIER TYPE
Carrier type term online resource
Carrier type code cr
Source rdacarrier
490 1# - SERIES STATEMENT
Series statement CICERO
506 0# - RESTRICTIONS ON ACCESS NOTE
Standardized terminology for access restriction Unrestricted online access
Source of term star
520 ## - SUMMARY, ETC.
Summary, etc. The collection of essays in this volume offers fresh insights into varied modalities of reception of Epicurean thought among Roman authors of the late Republican and Imperial eras. Its generic purview encompasses prose as well as poetic texts by both minor and major writers in the Latin literary canon, including the anonymous poems, Ciris and Aetna, and an elegy from the Tibullan corpus by the female poet, Sulpicia. Major figures include the Augustan poets, Vergil and Horace, and the late antique Christian theologian, Augustine. The method of analysis employed in the essays is uniformly interdisciplinary and reveals the depth of the engagement of each ancient author with major preoccupations of Epicurean thought, such as the balanced pursuit of erotic pleasure in the context of human flourishing and the role of the gods in relation to human existence. The ensemble of nuanced interpretations testifies to the immense vitality of the Epicurean philosophical tradition throughout Greco-Roman antiquity and thereby provides a welcome and substantial contribution to the burgeoning field of reception studies. ; The collection of essays in this volume offers fresh insights into varied modalities of reception of Epicurean thought among Roman authors of the late Republican and Imperial eras. Its generic purview encompasses prose as well as poetic texts by both minor and major writers in the Latin literary canon, including the anonymous poems, Ciris and Aetna, and an elegy from the Tibullan corpus by the female poet, Sulpicia. Major figures include the Augustan poets, Vergil and Horace, and the late antique Christian theologian, Augustine. The method of analysis employed in the essays is uniformly interdisciplinary and reveals the depth of the engagement of each ancient author with major preoccupations of Epicurean thought, such as the balanced pursuit of erotic pleasure in the context of human flourishing and the role of the gods in relation to human existence. The ensemble of nuanced interpretations testifies to the immense vitality of the Epicurean philosophical tradition throughout Greco-Roman antiquity and thereby provides a welcome and substantial contribution to the burgeoning field of reception studies.
540 ## - TERMS GOVERNING USE AND REPRODUCTION NOTE
Terms governing use and reproduction Creative Commons
-- by-nc-nd/4.0
-- cc
Uniform Resource Identifier <a href="http://creativecommons.org/licenses/by-nc-nd/4.0">http://creativecommons.org/licenses/by-nc-nd/4.0</a>
546 ## - LANGUAGE NOTE
Language note English
650 #7 - SUBJECT ADDED ENTRY--TOPICAL TERM
Topical term or geographic name entry element Literary studies: classical, early & medieval
Source of heading or term bicssc
650 #7 - SUBJECT ADDED ENTRY--TOPICAL TERM
Topical term or geographic name entry element Western philosophy: Ancient, to c 500
Source of heading or term bicssc
720 1# - ADDED ENTRY--UNCONTROLLED NAME
Name Davis, Gregson
Relator code edt
720 1# - ADDED ENTRY--UNCONTROLLED NAME
Name Davis, Gregson
Relator code oth
720 1# - ADDED ENTRY--UNCONTROLLED NAME
Name Yona, Sergio
Relator code edt
720 1# - ADDED ENTRY--UNCONTROLLED NAME
Name Yona, Sergio
Relator code oth
793 0# -
-- DOAB Library.
856 ## - ELECTRONIC LOCATION AND ACCESS
Uniform Resource Identifier <a href="https://docs.google.com/spreadsheets/d/1yKIrdCPDAG_9c22mwoOIO2DOhtj65Wqa/edit?usp=sharing&ouid=106555315294820607512&rtpof=true&sd=true ">https://docs.google.com/spreadsheets/d/1yKIrdCPDAG_9c22mwoOIO2DOhtj65Wqa/edit?usp=sharing&ouid=106555315294820607512&rtpof=true&sd=true </a>
Link text List of Curated E-Books
942 ## - ADDED ENTRY ELEMENTS (KOHA)
Koha item type E-Book
Holdings
Withdrawn status Damaged status Not for loan Home library Current library Date acquired Total Checkouts Date last seen Price effective from Koha item type
      Directory of Open Access Books Directory of Open Access Books 12/09/2024   12/09/2024 12/09/2024 E-Book

University of Rizal System
Email us at univlibservices@urs.edu.ph

Visit our Website www.urs.edu.ph/library